Central Library OPAC University of Rajshahi

Multivariate statistical inference / (Record no. 7156)

MARC details
000 -LEADER
fixed length control field 00830cam a22002772 4500
001 - CONTROL NUMBER
control field 7156
003 - CONTROL NUMBER IDENTIFIER
rucl marc code BD-RjUL
005 - DATE AND TIME OF LATEST TRANSACTION
control field 20211208234355.0
008 - FIXED-LENGTH DATA ELEMENTS--GENERAL INFORMATION
fixed length control field 14 t1977 nyu b 001 0 eng
020 ## - INTERNATIONAL STANDARD BOOK NUMBER
International Standard Book Number 0122856503
035 ## - SYSTEM CONTROL NUMBER
System control number (BD-RjUL)7198
040 ## - CATALOGING SOURCE
Original cataloging agency DLC
Transcribing agency DLC
Modifying agency EQO
-- BD-RjUL
Language of cataloging eng
041 ## - LANGUAGE CODE
Language code of text/sound track or separate title eng
082 00 - DEWEY DECIMAL CLASSIFICATION NUMBER
Classification number 519.535
Edition number 16
Author mark and year GIM 1977
100 1# - MAIN ENTRY--PERSONAL NAME
Personal name Giri, Narayan C.,
Dates associated with a name 1928-
9 (RLIN) 22390
245 10 - TITLE STATEMENT
Title Multivariate statistical inference /
Statement of responsibility, etc. Narayan C. Giri.
260 ## - PUBLICATION, DISTRIBUTION, ETC. (IMPRINT)
Place of publication, distribution, etc. New York :
Name of publisher, distributor, etc. Academic Press,
Date of publication, distribution, etc. c1977.
300 ## - PHYSICAL DESCRIPTION
Pagination xvi, 319 p. ;
Size 24 cm.
490 1# - SERIES STATEMENT
Series statement Probability and mathematical statistics
504 ## - BIBLIOGRAPHY, ETC. NOTE
Bibliography, etc Includes bibliographies and indexes.
650 #0 - SUBJECT ADDED ENTRY--TOPICAL TERM
Topical term or geographic name as entry element Multivariate analysis.
9 (RLIN) 24
830 #0 - SERIES ADDED ENTRY--UNIFORM TITLE
Uniform title Probability and mathematical statistics
942 ## - ADDED ENTRY ELEMENTS (KOHA)
Source of classification or shelving scheme Dewey Decimal Classification
Koha item type Books
Holdings
Lost status Source of classification or shelving scheme Damaged status Not for loan Collection code Permanent Location Current Location Shelving location Date acquired Source of acquisition Cost, normal purchase price Total Checkouts Full call number Date last seen Copy number Koha item type
  Dewey Decimal Classification     Non-fiction Central Library, University of Rajshahi Central Library, University of Rajshahi   12/05/1985 TULIP 59.50   519.535 GIM 1977 13/01/2014 C-4 Books
  Dewey Decimal Classification   Not For Loan Non-fiction Central Library, University of Rajshahi Central Library, University of Rajshahi   29/08/1984 A.B.A.CAL.B 644.00   519.535 GIM 1977 15/01/2014 C-1 Books
  Dewey Decimal Classification     Non-fiction Central Library, University of Rajshahi Central Library, University of Rajshahi   21/05/1985 Tulip 59.50   519.535 GIM 1977 31/08/2016 C-2 Books
  Dewey Decimal Classification     Non-fiction Central Library, University of Rajshahi Central Library, University of Rajshahi   21/05/1985 Tulip 59.50   519.535 GIM 1977 31/08/2016 C-3 Books
  Dewey Decimal Classification     Non-fiction Central Library, University of Rajshahi Central Library, University of Rajshahi   21/05/1985 Tulip 59.50   519.535 GIM 1977 31/08/2016 C-5 Books
  Dewey Decimal Classification     Non-fiction Central Library, University of Rajshahi Central Library, University of Rajshahi   21/05/1985 TULIP 59.50   519.535 GIM 1977 06/11/2016 C-6 Books